[Event "Speed Chess (Women) Q5"]
[Site "Chess.com INT"]
[Date "2020.06.22"]
[Round "4"]
[White "Enkhtuul, Altanulzii"]
[Black "Meenakshi, Subbaraman"]
[Result "1-0"]
[WhiteElo "2228"]
[BlackElo "2171"]
[PlyCount "115"]
[EventDate "2020.06.22"]
[EventType "swiss (blitz)"]
[EventRounds "13"]
[EventCountry "USA"]
[SourceTitle "CBM 196 Extra"]
[Source "ChessBase"]
[SourceDate "2020.07.31"]
[SourceVersion "1"]
[SourceVersionDate "2020.07.31"]
[SourceQuality "1"]

1. e4 d6 2. d4 e5 3. dxe5 dxe5 4. Qxd8+ Kxd8 5. Bc4 f6 6. Nf3 c6 7. Be3 Kc7 8. Nbd2 Nd7 9. 0-0-0 Bc5 10. Bxc5 Nxc5 11. Rhe1 Ne7 12. h3 Be6 13. Bxe6 Nxe6 14. Nf1 Rad8 15. Ne3 Nf4 16. h4 Rxd1+ 17. Rxd1 Rg8 18. g3 Ne6 19. b4 a5 20. a3 axb4 21. axb4 Ra8 22. Kb2 Ra4 23. Kb3 b5 24. c3 Ra8 25. Nf5 Nxf5 26. exf5 Nf8 27. g4 Nd7 28. Nd2 Nb6 29. Ne4 Nc4 30. Nc5 Ra3+ 31. Kc2 Ra2+ 32. Kb1 Rb2+ 33. Kc1 Rxf2 34. Rd7+ Kc8 35. Rxg7 Rf1+ 36. Kc2 Rf2+ 37. Kd3 Rf3+ 38. Ke2 Re3+ 39. Kf2 e4 40. Re7 Rf3+ 41. Ke2 Re3+ 42. Kf2 Rf3+ 43. Kg2 Rxc3 44. Nxe4 Ne3+ 45. Kg1 Rc1+ 46. Kf2 Nxg4+ 47. Kg3 Rg1+ 48. Kf3 Ne5+ 49. Kf4 Rf1+ 50. Kg3 Rxf5 51. Nd6+ Kd8 52. Nxf5 Nd3 53. Rxh7 Nxb4 54. h5 Nd5 55. h6 b4 56. Rb7 Kc8 57. Nd6+ Kd8 58. h7 1-0

[Event "Speed Chess (Women) Q5"]
[Site "Chess.com INT"]
[Date "2020.06.22"]
[Round "10"]
[White "Kiolbasa, Oliwia"]
[Black "Meenakshi, Subbaraman"]
[Result "1-0"]
[WhiteElo "2160"]
[BlackElo "2171"]
[PlyCount "49"]
[EventDate "2020.06.22"]
[EventType "swiss (blitz)"]
[EventRounds "13"]
[EventCountry "USA"]
[SourceTitle "CBM 196 Extra"]
[Source "ChessBase"]
[SourceDate "2020.07.31"]
[SourceVersion "1"]
[SourceVersionDate "2020.07.31"]
[SourceQuality "1"]

1. e4 d6 2. d4 e5 3. Nc3 Nf6 4. Nf3 Nbd7 5. Bc4 Be7 6. 0-0 0-0 7. Re1 c6 8. a4 Qc7 9. Ba2 b6 10. h3 Bb7 11. Nh4 Rfe8 12. Nf5 Bf8 13. d5 Rad8 14. Qf3 cxd5 15. Bxd5 Bxd5 16. exd5 g6 17. Nh6+ Bxh6 18. Bxh6 Nh5 19. g4 Ng7 20. Nb5 Qc5 21. c3 a6 22. b4 e4 23. Rxe4 Qc8 24. Nxd6 Qa8 25. Qxf7+ 1-0

[Event "Speed Chess (Women) Q5"]
[Site "Chess.com INT"]
[Date "2020.06.22"]
[Round "5"]
[White "Meenakshi, Subbaraman"]
[Black "Nandhidhaa, PV."]
[Result "1-0"]
[WhiteElo "2171"]
[BlackElo "2365"]
[PlyCount "71"]
[EventDate "2020.06.22"]
[EventType "swiss (blitz)"]
[EventRounds "13"]
[EventCountry "USA"]
[SourceTitle "CBM 196 Extra"]
[Source "ChessBase"]
[SourceDate "2020.07.31"]
[SourceVersion "1"]
[SourceVersionDate "2020.07.31"]
[SourceQuality "1"]

1. d4 d5 2. Nf3 Nf6 3. c4 e6 4. Nc3 Bb4 5. Qc2 0-0 6. a3 Bxc3+ 7. Qxc3 dxc4 8. Qxc4 b6 9. Bg5 Ba6 10. Qc2 Nbd7 11. e4 Bxf1 12. Kxf1 h6 13. Bh4 Qc8 14. Rc1 Qa6+ 15. Qe2 Qb7 16. e5 Nd5 17. h3 c5 18. dxc5 Nxc5 19. b4 Nf4 20. Qe3 Qa6+ 21. Kg1 Ne2+ 22. Kh2 Nxc1 23. bxc5 Nd3 24. c6 Rac8 25. Rd1 Nc5 26. Rd6 Qa4 27. Nd4 Na6 28. Qg3 Kh8 29. Qf4 Nc7 30. Bf6 Kh7 31. Qe4+ g6 32. Rd7 Nd5 33. Qh4 Nxf6 34. Qxf6 Kg8 35. Nxe6 fxe6 36. Qg7# 1-0

[Event "Speed Chess (Women) Q5"]
[Site "Chess.com INT"]
[Date "2020.06.22"]
[Round "3"]
[White "Rakhmangulova, Anastasiya"]
[Black "Meenakshi, Subbaraman"]
[Result "0-1"]
[WhiteElo "2191"]
[BlackElo "2171"]
[PlyCount "80"]
[EventDate "2020.06.22"]
[EventType "swiss (blitz)"]
[EventRounds "13"]
[EventCountry "USA"]
[SourceTitle "CBM 196 Extra"]
[Source "ChessBase"]
[SourceDate "2020.07.31"]
[SourceVersion "1"]
[SourceVersionDate "2020.07.31"]
[SourceQuality "1"]

1. e4 d6 2. d4 e5 3. dxe5 dxe5 4. Qxd8+ Kxd8 5. Nf3 f6 6. Bc4 c6 7. Be3 Kc7 8. Nbd2 Nd7 9. 0-0-0 Bc5 10. Nf1 Bxe3+ 11. Nxe3 Ne7 12. h4 Nc5 13. Nd2 Be6 14. h5 Bxc4 15. Nexc4 Rad8 16. Rh3 Rd7 17. Rg3 g6 18. Rh1 b5 19. hxg6 bxc4 20. Rxh7 Rg8 21. Rf7 Rxd2 22. Kxd2 Nxe4+ 23. Ke3 Nxg3 24. Rxe7+ Kd6 25. Rxa7 Nf5+ 26. Ke4 Ne7 27. g4 Rxg6 28. f3 Rh6 29. Ra4 Kc5 30. Ra5+ Kb6 31. Ra4 Kb5 32. Ra7 Nd5 33. Rb7+ Kc5 34. a3 Rh2 35. b4+ Kd6 36. b5 Rxc2 37. Kf5 cxb5 38. Rxb5 c3 39. Rb3 Rf2 40. Ke4 c2 0-1

[Event "Speed Chess (Women) Q5"]
[Site "Chess.com INT"]
[Date "2020.06.22"]
[Round "9"]
[White "Zhuravleva, Olga"]
[Black "Meenakshi, Subbaraman"]
[Result "1-0"]
[WhiteElo "2278"]
[BlackElo "2171"]
[PlyCount "177"]
[EventDate "2020.06.22"]
[EventType "swiss (blitz)"]
[EventRounds "13"]
[EventCountry "USA"]
[SourceTitle "CBM 196 Extra"]
[Source "ChessBase"]
[SourceDate "2020.07.31"]
[SourceVersion "1"]
[SourceVersionDate "2020.07.31"]
[SourceQuality "1"]

1. e4 d6 2. d4 e5 3. Nf3 Nd7 4. c3 Ngf6 5. Nbd2 Be7 6. Bd3 0-0 7. 0-0 c6 8. Re1 Qc7 9. Nf1 Re8 10. Ng3 Bf8 11. h3 b6 12. a4 Bb7 13. Bc2 Rad8 14. Bg5 h6 15. Bd2 d5 16. exd5 exd4 17. Rxe8 Rxe8 18. Nxd4 Nxd5 19. Ndf5 c5 20. Qg4 Kh8 21. Qh4 Qc6 22. Be4 Qf6 23. Qxf6 N7xf6 24. Bf3 Bc8 25. Rd1 Be6 26. c4 Nb4 27. b3 Kh7 28. Bc3 Nd7 29. Nd6 Bxd6 30. Rxd6 g6 31. Ne4 Bf5 32. Rxd7 Bxd7 33. Nf6+ Kg7 34. Nxd7+ f6 35. Nxf6 Rd8 36. Nd5+ Kf7 37. Nxb4 cxb4 38. Bxb4 Rd3 39. Bd5+ Kf6 40. Bf8 Rxb3 41. Bxh6 Rb4 42. Bd2 Rxa4 43. Bc3+ Ke7 44. g4 Ra2 45. Kg2 Rc2 46. Bb4+ Kf6 47. Bd6 a5 48. Kg3 a4 49. f4 Rc3+ 50. Kh4 Rc2 51. Be5+ Ke7 52. Kg5 a3 53. Bf6+ Kd6 54. Be5+ Kc5 55. Kxg6 a2 56. f5 Kb4 57. f6 Rc3 58. Bxc3+ Kxc3 59. f7 a1Q 60. f8Q Qb1+ 61. Qf5 Qg1 62. Qe5+ Kb4 63. Qd6+ Ka4 64. Qc6+ Kb3 65. Qb5+ Kc3 66. Qe8 Qg3 67. Qh8+ Kc2 68. Qh5 Qd6+ 69. Kf7 Qd7+ 70. Kf6 Qd6+ 71. Kf5 Qd7+ 72. Ke4 Qe7+ 73. Qe5 Qh4 74. Kd4 Qf2+ 75. Qe3 Qf6+ 76. Ke4 Qg6+ 77. Kf3 Qf6+ 78. Kg2 Qh4 79. Be4+ Kb2 80. Qf2+ Kb3 81. Qxh4 Kb4 82. Qf2 b5 83. cxb5 Kxb5 84. Qc2 Kb6 85. Qc6+ Ka5 86. Qb7 Ka4 87. Kf3 Ka3 88. Ke3 Ka2 89. Kd3 1-0

[Event "Speed Chess (Women) Q4"]
[Site "Chess.com INT"]
[Date "2020.06.21"]
[Round "3"]
[White "Frattini, Beatriz Maria"]
[Black "Meenakshi, Subbaraman"]
[Result "1-0"]
[WhiteElo "1868"]
[BlackElo "2171"]
[PlyCount "91"]
[EventDate "2020.06.21"]
[EventType "swiss (blitz)"]
[EventRounds "9"]
[EventCountry "USA"]
[SourceTitle "CBM 196 Extra"]
[Source "ChessBase"]
[SourceDate "2020.07.31"]
[SourceVersion "1"]
[SourceVersionDate "2020.07.31"]
[SourceQuality "1"]

1. e4 d6 2. d4 g6 3. Nc3 Bg7 4. Be3 e5 5. Qd2 Nc6 6. Nge2 Nge7 7. 0-0-0 exd4 8. Nxd4 Be6 9. f3 Qd7 10. Kb1 0-0-0 11. Nxe6 fxe6 12. Bc4 Rhe8 13. Nb5 Kb8 14. Nd4 Nxd4 15. Bxd4 Bxd4 16. Qxd4 Nc6 17. Qd2 e5 18. Rhe1 a6 19. Qc3 Nd4 20. Qb4 Qc6 21. c3 Ne6 22. Bd5 Qb5 23. Qxb5 axb5 24. Bxe6 Rxe6 25. Rd5 c6 26. Rd2 Kc7 27. Red1 Rf8 28. Kc2 g5 29. Rh1 h5 30. h4 g4 31. fxg4 hxg4 32. h5 Rh6 33. Rh4 Rf4 34. Kd3 g3 35. Rh3 Rg4 36. Rd1 d5 37. exd5 cxd5 38. Rf1 Kd6 39. Rf7 Rg5 40. Rxb7 Rhxh5 41. Rb6+ Kc5 42. Rh6 e4+ 43. Ke3 Rxh6 44. Rxh6 Rf5 45. b4+ Kc4 46. Rc6# 1-0

[Event "Speed Chess (Women) Q4"]
[Site "Chess.com INT"]
[Date "2020.06.21"]
[Round "7"]
[White "Meenakshi, Subbaraman"]
[Black "Vidruska, Renate"]
[Result "1-0"]
[WhiteElo "2171"]
[BlackElo "2045"]
[PlyCount "67"]
[EventDate "2020.06.21"]
[EventType "swiss (blitz)"]
[EventRounds "9"]
[EventCountry "USA"]
[SourceTitle "CBM 196 Extra"]
[Source "ChessBase"]
[SourceDate "2020.07.31"]
[SourceVersion "1"]
[SourceVersionDate "2020.07.31"]
[SourceQuality "1"]

1. d4 Nf6 2. c4 e6 3. Nf3 b6 4. Nc3 Bb4 5. Qc2 c5 6. Bd2 cxd4 7. Nxd4 Bb7 8. e3 0-0 9. 0-0-0 d5 10. cxd5 Nxd5 11. Nxd5 Bxd2+ 12. Rxd2 Qxd5 13. Kb1 Rc8 14. Qd1 Nc6 15. Nb5 Qg5 16. Nd6 Rc7 17. Be2 Rf8 18. f4 Qg6+ 19. Bd3 Qf6 20. Nxb7 Rxb7 21. Be4 Rc7 22. Qc2 Rfc8 23. Rc1 e5 24. Bxc6 Rxc6 25. Qxc6 Rxc6 26. Rxc6 Qf5+ 27. Ka1 h5 28. g3 exf4 29. exf4 g6 30. a3 Qe4 31. Rdc2 Qe1+ 32. Ka2 Kg7 33. Rc7 Qe6+ 34. b3 1-0

[Event "Speed Chess (Women) Q4"]
[Site "Chess.com INT"]
[Date "2020.06.21"]
[Round "5"]
[White "Zavivaeva, Evelina"]
[Black "Meenakshi, Subbaraman"]
[Result "0-1"]
[WhiteElo "1619"]
[BlackElo "2171"]
[PlyCount "74"]
[EventDate "2020.06.21"]
[EventType "swiss (blitz)"]
[EventRounds "9"]
[EventCountry "USA"]
[SourceTitle "CBM 196 Extra"]
[Source "ChessBase"]
[SourceDate "2020.07.31"]
[SourceVersion "1"]
[SourceVersionDate "2020.07.31"]
[SourceQuality "1"]

1. e4 d6 2. d4 g6 3. Nc3 Bg7 4. Nf3 Nc6 5. Be2 e5 6. dxe5 dxe5 7. Qxd8+ Nxd8 8. 0-0 c6 9. Be3 Be6 10. Rad1 f6 11. Rd2 Ne7 12. Rfd1 Nf7 13. Na4 b6 14. c4 0-0 15. b3 Rfd8 16. Rxd8+ Rxd8 17. Rxd8+ Nxd8 18. c5 b5 19. Nc3 f5 20. a4 f4 21. Bd2 b4 22. Na2 a5 23. Nc1 Nb7 24. Nd3 Bxb3 25. Ndxe5 Nxc5 26. Bc4+ Bxc4 27. Nxc4 Nxa4 28. Bxf4 b3 29. Bd6 Nc8 30. e5 Nc3 31. Nfd2 a4 32. e6 Nxd6 33. Nxd6 Bf8 34. N6c4 Bb4 35. Nb2 Nd5 36. Ndc4 a3 37. Nxa3 Bxa3 0-1

[Event "Speed Chess (Women) Q2"]
[Site "Chess.com INT"]
[Date "2020.06.19"]
[Round "9"]
[White "Bivol, Alina"]
[Black "Meenakshi, Subbaraman"]
[Result "0-1"]
[WhiteElo "2386"]
[BlackElo "2171"]
[PlyCount "118"]
[EventDate "2020.06.19"]
[EventType "swiss (blitz)"]
[EventRounds "13"]
[EventCountry "USA"]
[SourceTitle "CBM 196 Extra"]
[Source "ChessBase"]
[SourceDate "2020.07.31"]
[SourceVersion "1"]
[SourceVersionDate "2020.07.31"]
[SourceQuality "1"]

1. Nf3 d5 2. g3 Nf6 3. Bg2 g6 4. 0-0 Bg7 5. d4 0-0 6. Nbd2 c6 7. c4 Nbd7 8. b3 Ne4 9. Bb2 Ndf6 10. h3 Be6 11. Ne5 Nxd2 12. Qxd2 Ne4 13. Qe3 Nd6 14. c5 Nf5 15. Qd2 Qc7 16. b4 f6 17. Nf3 Bf7 18. a4 e5 19. dxe5 fxe5 20. Ng5 Rae8 21. b5 h6 22. Nxf7 Rxf7 23. bxc6 bxc6 24. e3 e4 25. Rab1 Bxb2 26. Qxb2 Ref8 27. Kh2 h5 28. Kg1 Qe7 29. h4 Qxc5 30. Rfc1 Qd6 31. Qb4 Qf6 32. Rc2 Qe6 33. Rbc1 Ne7 34. Qb7 a5 35. Qa7 g5 36. hxg5 h4 37. gxh4 Qg4 38. Qc7 Qxh4 39. Qg3 Qxg3 40. fxg3 Rb8 41. Bh3 Kg7 42. Bd7 Rb3 43. Bxc6 Rxe3 44. Kg2 Rff3 45. Bd7 Rxg3+ 46. Kh2 Rxg5 47. Rc7 Re2+ 48. Kh3 Kh6 49. Bg4 Re3+ 50. Kh2 Ng6 51. Bh3 Rh5 52. R1c6 Rhxh3+ 53. Kg2 Rhg3+ 54. Kf2 Ref3+ 55. Ke2 Rg2+ 56. Ke1 e3 57. Rc8 e2 58. Rh8+ Kg7 59. Rh1 d4 0-1

[Event "Speed Chess (Women) Q2"]
[Site "Chess.com INT"]
[Date "2020.06.19"]
[Round "6"]
[White "Meenakshi, Subbaraman"]
[Black "Golubenko, Valentina"]
[Result "1-0"]
[WhiteElo "2171"]
[BlackElo "2209"]
[PlyCount "113"]
[EventDate "2020.06.19"]
[EventType "swiss (blitz)"]
[EventRounds "13"]
[EventCountry "USA"]
[SourceTitle "CBM 196 Extra"]
[Source "ChessBase"]
[SourceDate "2020.07.31"]
[SourceVersion "1"]
[SourceVersionDate "2020.07.31"]
[SourceQuality "1"]

1. d4 g6 2. c4 Bg7 3. Nc3 c5 4. Nf3 cxd4 5. Nxd4 Nc6 6. e3 Nf6 7. Be2 0-0 8. b3 d6 9. Bb2 e5 10. Nxc6 bxc6 11. 0-0 d5 12. cxd5 cxd5 13. Bf3 Be6 14. e4 d4 15. Na4 Rc8 16. Rc1 Qd6 17. Qd3 Bd7 18. Be2 Bxa4 19. bxa4 Qb4 20. Ba3 Qxa4 21. Bxf8 Rxc1 22. Rxc1 Bxf8 23. f3 Qxa2 24. Bd1 a5 25. Bb3 Qa3 26. Rc7 Qa1+ 27. Kf2 Qb2+ 28. Qc2 Qxc2+ 29. Bxc2 Bb4 30. Bb3 d3 31. Rxf7 Nh5 32. g4 a4 33. Ba2 d2 34. Ke2 Ng7 35. Rb7+ Kf8 36. Rxb4 Ne8 37. Kxd2 Nd6 38. Rxa4 Ke7 39. Ra7+ Kf6 40. Ra6 Ke7 41. Rxd6 Kxd6 42. g5 Ke7 43. Bg8 Kf8 44. Bd5 Ke7 45. h4 Kf8 46. Ke3 Kg7 47. f4 exf4+ 48. Kxf4 h6 49. e5 hxg5+ 50. Kxg5 Kh7 51. Kf6 Kh6 52. e6 Kh5 53. e7 Kxh4 54. e8Q g5 55. Qe4+ Kh5 56. Bf7+ Kh6 57. Qg6# 1-0

[Event "Speed Chess (Women) Q2"]
[Site "Chess.com INT"]
[Date "2020.06.19"]
[Round "8"]
[White "Meenakshi, Subbaraman"]
[Black "Morris Suzuki, Sophie"]
[Result "0-1"]
[WhiteElo "2171"]
[BlackElo "2043"]
[PlyCount "74"]
[EventDate "2020.06.19"]
[EventType "swiss (blitz)"]
[EventRounds "13"]
[EventCountry "USA"]
[SourceTitle "CBM 196 Extra"]
[Source "ChessBase"]
[SourceDate "2020.07.31"]
[SourceVersion "1"]
[SourceVersionDate "2020.07.31"]
[SourceQuality "1"]

1. d4 Nf6 2. c4 e6 3. Nf3 b6 4. Nc3 Bb4 5. Bd2 Ba6 6. e3 0-0 7. Bd3 d5 8. Qe2 c5 9. 0-0 Bb7 10. Rfd1 Nbd7 11. dxc5 Nxc5 12. Nxd5 Nxd5 13. Bxb4 Nxb4 14. Bxh7+ Kxh7 15. Rxd8 Raxd8 16. Ng5+ Kh6 17. Qg4 f5 18. Qh4+ Kg6 19. f4 Rd2 20. Nf3 Bxf3 21. gxf3 Kf7 22. a3 Nbd3 23. b4 Nb3 24. Rb1 Nbc1 25. Qh5+ Ke7 26. Qg5+ Kf7 27. Qh5+ Kg8 28. Kh1 Rf6 29. Qe8+ Kh7 30. c5 Rh6 31. Rxc1 Rhxh2+ 32. Kg1 Nxc1 33. Qxe6 Rhg2+ 34. Kh1 Rh2+ 35. Kg1 Rdg2+ 36. Kf1 Rf2+ 37. Kg1 Ne2# 0-1

[Event "Speed Chess (Women) Q2"]
[Site "Chess.com INT"]
[Date "2020.06.19"]
[Round "4"]
[White "Sedina, Elena"]
[Black "Meenakshi, Subbaraman"]
[Result "0-1"]
[WhiteElo "2299"]
[BlackElo "2171"]
[PlyCount "108"]
[EventDate "2020.06.19"]
[EventType "swiss (blitz)"]
[EventRounds "13"]
[EventCountry "USA"]
[SourceTitle "CBM 196 Extra"]
[Source "ChessBase"]
[SourceDate "2020.07.31"]
[SourceVersion "1"]
[SourceVersionDate "2020.07.31"]
[SourceQuality "1"]

1. e4 d6 2. d4 g6 3. Nf3 Bg7 4. Bd3 Nd7 5. 0-0 e5 6. c3 Ne7 7. Re1 0-0 8. Nbd2 c6 9. Nf1 Qc7 10. Bg5 f6 11. Bd2 f5 12. exf5 gxf5 13. dxe5 dxe5 14. Bg5 Ng6 15. Ng3 e4 16. Bc4+ Kh8 17. Nd4 Nde5 18. Ne6 Bxe6 19. Bxe6 Nd3 20. Rf1 h6 21. Qh5 Ngf4 22. Qh4 Nxe6 23. Bxh6 Kg8 24. Bxg7 Qxg7 25. f3 Qg5 26. Qxg5+ Nxg5 27. fxe4 fxe4 28. h4 Ne6 29. Nxe4 Nxb2 30. Rfb1 Nd3 31. Rxb7 Ndc5 32. Re7 Nxe4 33. Rxe6 Rae8 34. Rxc6 Rf4 35. h5 Rg4 36. Rf1 Rg5 37. Rc7 Rxh5 38. Rff7 Rg5 39. Rxa7 Nxc3 40. Rae7 Ra8 41. Ra7 Rd8 42. Rad7 Re8 43. Rde7 Rxe7 44. Rxe7 Nxa2 45. Re2 Nc3 46. Rc2 Ne4 47. Re2 Nf6 48. Rf2 Kg7 49. Kf1 Kg6 50. Ra2 Rf5+ 51. Rf2 Ra5 52. g3 Kg5 53. Kg2 Ng4 54. Re2 Kf5 0-1

[Event "IND-chT (Women)"]
[Site "Ahmedabad"]
[Date "2020.02.07"]
[Round "1.2"]
[White "Smaraki, Mohanty"]
[Black "Meenakshi, Subbaraman"]
[Result "0-1"]
[WhiteElo "1746"]
[BlackElo "2162"]
[PlyCount "40"]
[EventDate "2020.02.07"]
[EventType "team-swiss"]
[EventRounds "7"]
[EventCountry "IND"]
[SourceTitle "CBM 194 Extra"]
[Source "ChessBase"]
[SourceDate "2020.03.31"]
[SourceVersion "1"]
[SourceVersionDate "2020.03.31"]
[SourceQuality "1"]
[WhiteTeam "Odisha (W)"]
[BlackTeam "Air India (W)"]
[WhiteTeamCountry "IND"]
[BlackTeamCountry "IND"]

1. c4 d6 2. Nc3 e5 3. e3 g6 4. d4 Nc6 5. Nf3 Bg7 6. d5 Nce7 7. Be2 f5 8. Qc2 Nf6 9. b3 0-0 10. h4 c6 11. dxc6 bxc6 12. Bb2 Qc7 13. Rd1 h6 14. Qd2 Ne4 15. Qc1 Bb7 16. Nxe4 fxe4 17. Nd2 d5 18. Nb1 Rad8 19. Nc3 Kh8 20. Qc2 Nf5 0-1

[Event "IND-ch (Women) 46th"]
[Site "Managiri"]
[Date "2019.07.22"]
[Round "6"]
[White "Srija, Seshadri"]
[Black "Meenakshi, Subbaraman"]
[Result "1/2-1/2"]
[WhiteElo "2306"]
[BlackElo "2163"]
[PlyCount "102"]
[EventDate "2019.07.19"]
[EventType "swiss"]
[EventRounds "11"]
[EventCountry "IND"]
[SourceTitle "EXT 2020"]
[Source "ChessBase"]
[SourceDate "2019.10.17"]
[SourceVersion "1"]
[SourceVersionDate "2019.10.17"]
[SourceQuality "1"]

1. e4 d5 2. exd5 Qxd5 3. Nf3 Nf6 4. d4 Bg4 5. Be2 c6 6. 0-0 e6 7. c4 Qa5 8. Bf4 Be7 9. h3 Bh5 10. Nbd2 Nbd7 11. a3 Bxf3 12. Nxf3 Ne4 13. Ne5 Nxe5 14. dxe5 g5 15. b4 Qc7 16. Qd4 gxf4 17. Qxe4 0-0-0 18. Qxf4 f6 19. Bg4 Qxe5 20. Qxe5 fxe5 21. Bxe6+ Kc7 22. Rae1 Bf6 23. Re4 Rhe8 24. Bf5 h6 25. Rg4 Rg8 26. Rxg8 Rxg8 27. Rd1 Rd8 28. Rxd8 Bxd8 29. Kf1 Be7 30. Ke2 a5 31. bxa5 Bxa3 32. Kd3 Bb4 33. Ke4 Kd6 34. Bc8 Kc7 35. a6 bxa6 36. Bxa6 Kd6 37. g4 Ke6 38. Bb7 c5 39. Bc8+ Kf6 40. Kd5 Ba3 41. Bd7 Bb4 42. Ba4 Ba3 43. Bc2 Bb4 44. Be4 Ba3 45. Kd6 Bb4 46. f3 Ba3 47. h4 Bb4 48. g5+ hxg5 49. h5 Kg7 50. Kxe5 Bc3+ 51. Kd5 Bd4 1/2-1/2

[Event "IND-ch (Women) 46th"]
[Site "Managiri"]
[Date "2019.07.19"]
[Round "1"]
[White "Meenakshi, Subbaraman"]
[Black "Genita, Gladys A"]
[Result "1-0"]
[WhiteElo "2163"]
[BlackElo "1456"]
[PlyCount "47"]
[EventDate "2019.07.19"]
[EventType "swiss"]
[EventRounds "11"]
[EventCountry "IND"]
[SourceTitle "EXT 2020"]
[Source "ChessBase"]
[SourceDate "2019.10.17"]
[SourceVersion "1"]
[SourceVersionDate "2019.10.17"]
[SourceQuality "1"]

1. d4 Nf6 2. Nf3 g6 3. c4 Bg7 4. Nc3 0-0 5. g3 d6 6. Bg2 Nfd7 7. 0-0 e5 8. b3 exd4 9. Ne4 d3 10. Bg5 dxe2 11. Qxe2 f6 12. Be3 f5 13. Neg5 Ne5 14. Rad1 Qe7 15. Nxe5 Bxe5 16. Rfe1 Nc6 17. Bd5+ Kh8 18. Bxc6 bxc6 19. Bf4 Kg8 20. Nf3 Bb7 21. Bxe5 dxe5 22. Qxe5 Qf7 23. Ng5 Qe8 24. Qxc7 1-0

[Event "IND-ch (Women) 45th"]
[Site "Jaipur"]
[Date "2018.11.24"]
[Round "9"]
[White "Swati, Ghate"]
[Black "Meenakshi, Subbaraman"]
[Result "0-1"]
[WhiteElo "2256"]
[BlackElo "2191"]
[PlyCount "70"]
[EventDate "2018.11.18"]
[EventType "swiss"]
[EventRounds "11"]
[EventCountry "IND"]
[SourceTitle "CBM 187 Extra"]
[Source "ChessBase"]
[SourceDate "2018.11.04"]
[SourceVersion "1"]
[SourceVersionDate "2018.11.04"]
[SourceQuality "1"]

1. Nf3 d5 2. b3 Nf6 3. Bb2 e6 4. e3 Bd6 5. c4 b6 6. Nc3 a6 7. d4 Nbd7 8. Bd3 Bb7 9. 0-0 Ne4 10. Qe2 f5 11. Rfd1 0-0 12. Nd2 Qh4 13. f4 Nxd2 14. Rxd2 Nf6 15. cxd5 Nxd5 16. Nxd5 exd5 17. a4 Rae8 18. Qf2 Qe7 19. Re2 Rf6 20. Qh4 Bc8 21. Kf2 a5 22. h3 Qf7 23. Ba3 Bxa3 24. Rxa3 Qe7 25. Raa2 Qb4 26. Rab2 c5 27. dxc5 bxc5 28. g4 Qc3 29. Rbd2 c4 30. bxc4 d4 31. Rd1 Rxe3 32. Red2 Bb7 33. gxf5 Bf3 34. Rc2 Qa3 35. Rg1 Qxd3 0-1

[Event "IND-chT (Women) 16th"]
[Site "Bhubaneswar"]
[Date "2018.02.14"]
[Round "7.2"]
[White "Meenakshi, Subbaraman"]
[Black "Saranya, J."]
[Result "1-0"]
[WhiteElo "2193"]
[BlackElo "2077"]
[PlyCount "95"]
[EventDate "2018.02.08"]
[EventType "team-swiss"]
[EventRounds "7"]
[EventCountry "IND"]
[SourceTitle "CBM 182 Extra"]
[Source "ChessBase"]
[SourceDate "2018.02.23"]
[SourceVersion "1"]
[SourceVersionDate "2018.02.23"]
[SourceQuality "1"]
[WhiteTeam "Air India (W)"]
[BlackTeam "Tamil Nadu (W)"]
[WhiteTeamCountry "IND"]
[BlackTeamCountry "IND"]

1. d4 Nf6 2. c4 g6 3. Nf3 Bg7 4. g3 d6 5. Bg2 0-0 6. Nc3 Nbd7 7. 0-0 e5 8. e4 c6 9. b3 Re8 10. Bb2 Qc7 11. Qd2 b6 12. d5 c5 13. Ne1 a6 14. Nd3 Ng4 15. Qe2 Nf8 16. h3 Nh6 17. f4 f6 18. Rf2 Ra7 19. Raf1 Qd8 20. Bc1 Nf7 21. Kh1 exf4 22. Nxf4 f5 23. Qd2 fxe4 24. Nxe4 Bf5 25. Ne6 Nxe6 26. dxe6 Rxe6 27. Nc3 Re8 28. g4 Be6 29. Nd5 Kh8 30. Nf4 Ne5 31. Nxe6 Rxe6 32. Bd5 Re8 33. Bb2 b5 34. g5 b4 35. Qf4 Qe7 36. Qg3 a5 37. Rf4 Qd8 38. Rh4 Bf8 39. Bf7 Rxf7 40. Rxf7 Bg7 41. Rf1 Qd7 42. Rhf4 Qe6 43. Qg2 Qd7 44. Kh2 a4 45. Qd5 a3 46. Rf8+ Rxf8 47. Rxf8+ Bxf8 48. Bxe5+ 1-0

[Event "IND-chT (Women) 16th"]
[Site "Bhubaneswar"]
[Date "2018.02.13"]
[Round "6.2"]
[White "Varshini, Veileven"]
[Black "Meenakshi, Subbaraman"]
[Result "1/2-1/2"]
[WhiteElo "2103"]
[BlackElo "2193"]
[PlyCount "100"]
[EventDate "2018.02.08"]
[EventType "team-swiss"]
[EventRounds "7"]
[EventCountry "IND"]
[SourceTitle "CBM 182 Extra"]
[Source "ChessBase"]
[SourceDate "2018.02.23"]
[SourceVersion "1"]
[SourceVersionDate "2018.02.23"]
[SourceQuality "1"]
[WhiteTeam "Airports Authority (W)"]
[BlackTeam "Air India (W)"]
[WhiteTeamCountry "IND"]
[BlackTeamCountry "IND"]

1. e4 e5 2. Nf3 Nc6 3. Bb5 a6 4. Ba4 Nf6 5. Qe2 b5 6. Bb3 Bc5 7. 0-0 d6 8. c3 0-0 9. Rd1 Bb6 10. d3 h6 11. Be3 Rb8 12. Nbd2 Na5 13. Bc2 c5 14. Nf1 Nc6 15. Ng3 d5 16. d4 cxd4 17. cxd4 exd4 18. Nxd4 Nxd4 19. Bxd4 Bg4 20. f3 dxe4 21. fxg4 Bxd4+ 22. Kh1 Qb6 23. Nxe4 Rfe8 24. Nxf6+ Bxf6 25. Qd3 g6 26. Bb3 Kg7 27. Qd5 Qb7 28. Rf1 Qxd5 29. Bxd5 Rbd8 30. Rad1 Re2 31. b4 Rd7 32. Bb3 Rxd1 33. Rxd1 Bc3 34. g3 Bxb4 35. Rd7 Rf2 36. Rd4 Bc5 37. Rf4 a5 38. Rxf2 Bxf2 39. Kg2 Bc5 40. Kf3 Kf6 41. h4 a4 42. Bd5 b4 43. Ke4 Bd6 44. Kf3 g5 45. h5 Ke5 46. Bxf7 Kd4 47. Be6 Kd3 48. Bd5 Kd4 49. Be6 Bc5 50. Bf7 Bd6 1/2-1/2

[Event "IND-ch Challengers (Women) 44th"]
[Site "Mysore"]
[Date "2017.07.27"]
[Round "9"]
[White "Kiran, Manisha Mohanty"]
[Black "Meenakshi, Subbaraman"]
[Result "1/2-1/2"]
[WhiteElo "2170"]
[BlackElo "2181"]
[PlyCount "117"]
[EventDate "2017.07.21"]
[EventType "swiss"]
[EventRounds "11"]
[EventCountry "IND"]
[SourceTitle "EXT 2019"]
[Source "ChessBase"]
[SourceDate "2018.10.10"]
[SourceVersion "1"]
[SourceVersionDate "2018.10.10"]
[SourceQuality "1"]

1. e4 d5 2. exd5 Qxd5 3. Nc3 Qd6 4. d4 Nf6 5. Be3 g6 6. Qd2 Bg7 7. 0-0-0 c6 8. Bf4 Qb4 9. Kb1 0-0 10. Bc7 b6 11. Nf3 Na6 12. Bxa6 Bxa6 13. a3 Qa5 14. Rhe1 Rfe8 15. Be5 Rad8 16. Qc1 Bc4 17. h4 b5 18. Bxf6 exf6 19. Rxe8+ Rxe8 20. Re1 Rd8 21. Ne4 Bd5 22. Nc5 Qc7 23. Qe3 a5 24. h5 b4 25. a4 Bxf3 26. Qxf3 f5 27. hxg6 hxg6 28. Nb3 Qd7 29. Rd1 Qc7 30. Qe2 Qb6 31. Rd3 Bf6 32. g4 fxg4 33. Qxg4 Kg7 34. Qf4 Rd5 35. Qe4 Rf5 36. f3 Qc7 37. Qe8 Rh5 38. Nc5 Qd6 39. Qe4 Rh4 40. Qe8 Rh1+ 41. Ka2 Bxd4 42. Nb3 c5 43. Nxd4 cxd4 44. Qe4 Rh2 45. Rxd4 Qf6 46. Kb3 Rh3 47. Rd3 Rh4 48. Qd5 Rh5 49. Qd6 Rf5 50. Qxf6+ Kxf6 51. c3 bxc3 52. bxc3 g5 53. c4 Ke6 54. Kc3 f6 55. Kd4 Re5 56. Rb3 Rf5 57. Rd3 Re5 58. Rb3 Rf5 59. Rd3 1/2-1/2